000 00780nam a22002651 4500
999 _c9786
_d9786
001 9786
003 BD-JhCC
005 20180329124150.0
008 710709s1968 enkadf 000 0 eng
020 _a0192175246
035 _a(BD-JhCC)9786
040 _aDLC
_cDLC
_dDLC
041 _aeng
050 0 0 _aGV822.W32
_bH5
082 0 0 _a910.4/5
_bHIS 1968
100 1 _aHiscock, Eric C.
245 1 0 _aAtlantic cruise in 'Wanderer III' /
_c[by] Eric C. Hiscock; with 80 colour photographs by the author and his wife.
260 _aLondon :
_aNew York [etc.]
_bOxford U.P.,
_c1968.
300 _axii, 159 p.
_b49 plates, 80 col. illus., 7 charts.
_c23 cm.
350 _a45/-
610 2 0 _aWanderer III (Yacht)
651 0 _aAtlantic Ocean.
942 _2ddc
_cBK